[Event "C.to Italiano U10"]
[Site "Cortina d'Ampezzo ITA"]
[Date "2002.07.05"]
[Round "5"]
[White "Forato, Enrico"]
[Black "Romano, Stefano"]
[Result "1-0"]
[WhiteElo "1500"]
[BlackElo "1500"]
[PlyCount "125"]
[EventDate "2002.07.02"]

1. e4 e5 2. Nf3 Nc6 3. d4 Nf6 4. d5 Nb8 5. Bg5 Be7 6. Bxf6 Bxf6 7. Be2 c6 8. c4
O-O 9. O-O Na6 10. Nc3 cxd5 11. Qxd5 Nb4 12. Qd6 Nc2 13. Rac1 Nd4 14. Nxd4 exd4
15. Nb5 Qb6 16. Qxb6 axb6 17. a3 d3 18. Bxd3 Bxb2 19. Rb1 Be5 20. f4 Bf6 21.
Rfd1 Be7 22. Ra1 d6 23. Bc2 Rd8 24. Nc7 Ra5 25. Nd5 Bf6 26. Nxf6+ gxf6 27. f5
b5 28. Rd5 Bd7 29. Rxd6 b4 30. a4 Ra6 31. Rad1 Rxd6 32. Rxd6 Kf8 33. c5 Ke7 34.
Kf2 Re8 35. Bb3 Rf8 36. Rb6 Bc6 37. Rxb4 Rd8 38. Ke3 Ke8 39. Rd4 Rc8 40. Rc4 b5
41. cxb6 Bb7 42. Rxc8+ Bxc8 43. a5 Kd7 44. Ba4+ Kd6 45. Bb5 Kc5 46. Bd3 Kc6 47.
Kd4 h5 48. h4 Bb7 49. Be2 Kd7 50. a6 Kc6 51. axb7 Kxb7 52. Bxh5 Kxb6 53. Bxf7
Kc7 54. h5 Kd8 55. h6 Ke7 56. h7 Kd8 57. h8=Q+ Kc7 58. Kd5 Kd7 59. Qb8 Ke7 60.
Qc7+ Kf8 61. Bg6 Kg8 62. Qf7+ Kh8 63. Qf8# 1-0

[Event "C.to Italiano U10"]
[Site "Cortina d'Ampezzo ITA"]
[Date "2002.07.05"]
[Round "5"]
[White "Tomat, Riccardo"]
[Black "Rombaldoni, Axel"]
[Result "0-1"]
[WhiteElo "1548"]
[BlackElo "1618"]
[PlyCount "162"]
[EventDate "2002.07.02"]

1. e4 c5 2. Nf3 e6 3. d4 cxd4 4. Nxd4 Nf6 5. Bd3 Nc6 6. Nxc6 bxc6 7. O-O d5 8.
exd5 exd5 9. Re1+ Be7 10. Bg5 O-O 11. Nd2 h6 12. Bh4 Rb8 13. Rb1 Bg4 14. Be2
Bxe2 15. Qxe2 Re8 16. Qd1 Qa5 17. a3 Qa4 18. Bg3 Rb7 19. h3 Rc8 20. c3 Qxd1 21.
Rexd1 a5 22. a4 Bc5 23. Re1 Nh5 24. Bh2 g5 25. Re2 Nf6 26. Kf1 Rd8 27. f4 g4
28. h4 Bd6 29. g3 Nh5 30. Kg2 Rdb8 31. b3 Rc8 32. Ree1 Be7 33. Re5 Ng7 34. Bg1
Bf6 35. Re3 Nf5 36. Rd3 Re8 37. c4 d4 38. Kf1 c5 39. Bf2 Rbe7 40. Re1 Rxe1+ 41.
Bxe1 Ne3+ 42. Rxe3 dxe3 43. Nb1 Rb8 44. Nc3 Bxc3 45. Bxc3 Rxb3 46. Bxa5 Ra3 47.
Bb6 e2+ 48. Kxe2 Rxg3 49. Bxc5 Rc3 50. Bd6 Rxc4 51. a5 Rc6 52. Bb4 h5 53. Bd2
f5 54. Be1 Kf7 55. Bf2 Ke6 56. Kd3 Kd5 57. Be3 Ra6 58. Bd2 Kc5 59. Bc3 Kb5 60.
Ke2 Rxa5 61. Bf6 Kc4 62. Bd8 Ra3 63. Be7 Rf3 64. Bg5 Kd4 65. Bf6+ Ke4 66. Bg5
Rxf4 67. Bh6 Rf3 68. Bf8 Rh3 69. Be7 Rh2+ 70. Kf1 Kf3 71. Kg1 g3 72. Bd6 Rd2
73. Bxg3 Kxg3 74. Kf1 f4 75. Ke1 Rb2 76. Kf1 f3 77. Ke1 Kg2 78. Kd1 Ra2 79. Kc1
f2 80. Kb1 Re2 81. Kc1 f1=R# 0-1

[Event "C.to Italiano U10"]
[Site "Cortina d'Ampezzo ITA"]
[Date "2002.07.06"]
[Round "7"]
[White "Hellweger, Hannes"]
[Black "Rombaldoni, Axel"]
[Result "0-1"]
[WhiteElo "1500"]
[BlackElo "1618"]
[PlyCount "70"]
[EventDate "2002.07.02"]

1. e4 c5 2. d3 e6 3. Be3 Nc6 4. Nc3 d5 5. a3 d4 6. Bd2 dxc3 7. Bxc3 e5 8. Nf3
Bd6 9. Be2 Nge7 10. Qd2 f6 11. O-O Nd4 12. Bxd4 cxd4 13. Bd1 Be6 14. c3 dxc3
15. bxc3 O-O 16. Qb2 Qb6 17. Qd2 Nc6 18. c4 Bc5 19. Ba4 Nd4 20. Nxd4 Bxd4 21.
Rab1 Qc7 22. Kh1 b6 23. Qc2 f5 24. exf5 Rxf5 25. Qe2 Raf8 26. Qg4 Bc8 27. f3
Rxf3 28. Qxf3 Rxf3 29. Rxf3 Bb7 30. Rg3 Qe7 31. Bb3 Kh8 32. a4 Qh4 33. Rf1 g6
34. Rf7 Qh6 35. h3 Qc1+ 0-1

[Event "C.to Italiano U10"]
[Site "Cortina d'Ampezzo ITA"]
[Date "2002.07.06"]
[Round "7"]
[White "Pachera, Andrea"]
[Black "Tomat, Riccardo"]
[Result "0-1"]
[WhiteElo "1600"]
[BlackElo "1548"]
[PlyCount "44"]
[EventDate "2002.07.02"]

1. f4 e5 2. fxe5 d6 3. Nf3 Bg4 4. exd6 Bxd6 5. Nc3 Bxf3 6. exf3 Qh4+ 7. Ke2 Nc6
8. d4 Nxd4+ 9. Kd3 O-O-O 10. Ne4 Be5 11. Nd2 Nb3+ 12. Ke2 Nxa1 13. Qe1 Qxe1+
14. Kxe1 Nxc2+ 15. Kf2 Bf4 16. Nb3 Bxc1 17. Nxc1 Rd2+ 18. Kg3 Rd1 19. Nd3 Ne3
20. Be2 Rxh1 21. Ne5 Nf5+ 22. Kh3 Nd6 0-1

[Event "C.to Italiano U10"]
[Site "Cortina d'Ampezzo ITA"]
[Date "2002.07.06"]
[Round "7"]
[White "Valsecchi, Alessio"]
[Black "Fiducioso, Marco"]
[Result "1-0"]
[WhiteElo "1455"]
[BlackElo "1516"]
[PlyCount "65"]
[EventDate "2002.07.02"]

1. c4 e5 2. Nc3 Nf6 3. g3 Nc6 4. Bg2 Bc5 5. e3 d6 6. Nge2 Be6 7. d4 exd4 8.
exd4 Bxc4 9. dxc5 dxc5 10. Qxd8+ Rxd8 11. Bd2 O-O 12. O-O-O Nb4 13. Rhf1 Nxa2+
14. Nxa2 Bxe2 15. Bxb7 Bxd1 16. Rxd1 Ng4 17. f3 Nf2 18. Rf1 Nd3+ 19. Kc2 Nb4+
20. Nxb4 cxb4 21. Bxb4 Rfe8 22. Be4 g6 23. Bc3 f5 24. Bd3 h6 25. g4 f4 26. Bxg6
Re2+ 27. Kb3 Rxh2 28. Re1 Rf2 29. Re7 Rxf3 30. Rh7 Kf8 31. Ka2 a6 32. Bf6 Rd6
33. Rh8# 1-0

[Event "C.to Italiano U10"]
[Site "Cortina d'Ampezzo ITA"]
[Date "2002.07.07"]
[Round "8"]
[White "Tomat, Riccardo"]
[Black "Valsecchi, Alessio"]
[Result "1/2-1/2"]
[WhiteElo "1548"]
[BlackElo "1455"]
[PlyCount "33"]
[EventDate "2002.07.02"]

1. e4 e5 2. Nf3 Nc6 3. Bb5 a6 4. Bxc6 dxc6 5. O-O Bd6 6. Re1 Ne7 7. c3 Bg4 8.
h3 Bxf3 9. Qxf3 c5 10. d3 O-O 11. Be3 Nc6 12. Na3 b5 13. Nc2 Rb8 14. Rad1 Qe7
15. d4 cxd4 16. cxd4 exd4 17. Bxd4 1/2-1/2

[Event "C.to Italiano U10 femminile"]
[Site "Cortina d'Ampezzo ITA"]
[Date "2002.07.05"]
[Round "5"]
[White "Vocaturo, Ilaria"]
[Black "D'Auria, Marta"]
[Result "1/2-1/2"]
[WhiteElo "1500"]
[BlackElo "1500"]
[PlyCount "98"]
[EventDate "2002.07.02"]

1. e4 e5 2. Nf3 Nc6 3. Bb5 a6 4. Bxc6 dxc6 5. Nxe5 Qe7 6. Nf3 Qxe4+ 7. Qe2
Qxe2+ 8. Kxe2 Bg4 9. Re1 Nf6 10. Kf1+ Be7 11. Nd4 c5 12. Ne2 O-O 13. Nbc3 Rfe8
14. d3 h6 15. h3 Bd7 16. Bf4 Bd6 17. Rad1 Re7 18. Bxd6 cxd6 19. Ng3 Rxe1+ 20.
Rxe1 b5 21. Nge4 Nxe4 22. Nxe4 Be6 23. Nxd6 c4 24. dxc4 bxc4 25. Re4 Rb8 26.
Nxc4 Bxc4+ 27. Rxc4 Rxb2 28. Ra4 Rxc2 29. Rxa6 Rc1+ 30. Ke2 Rc2+ 31. Kf3 g6 32.
a4 Rc3+ 33. Ke2 Rc2+ 34. Kf1 h5 35. a5 g5 36. Rb6 g4 37. hxg4 hxg4 38. Rb5 Kh7
39. Rg5 Rc1+ 40. Ke2 Rc2+ 41. Kd3 Rxf2 42. Rxg4 Ra2 43. Rg5 Ra3+ 44. Kc4 Kh6
45. Rf5 Kg6 46. Kb4 Ra2 47. Rb5 Rxg2 48. a6 Ra2 49. Ra5 Rb2+ 1/2-1/2

[Event "C.to Italiano U12"]
[Site "Cortina d'Ampezzo ITA"]
[Date "2002.07.03"]
[Round "2"]
[White "Bonafede, Alessandro"]
[Black "Gentili, Tiberio"]
[Result "1/2-1/2"]
[WhiteElo "1746"]
[BlackElo "1413"]
[PlyCount "110"]
[EventDate "2002.07.02"]

1. e4 e5 2. Nf3 Nc6 3. Bb5 a6 4. Ba4 d6 5. d4 Bd7 6. O-O Nf6 7. Nc3 Be7 8. Re1
O-O 9. d5 Nb8 10. Bxd7 Nbxd7 11. Ng5 h6 12. Nh3 Nb6 13. f4 exf4 14. Nxf4 Re8
15. Nh5 Nbd7 16. Re3 Nxh5 17. Qxh5 Nf6 18. Qf5 Qd7 19. Qf1 c6 20. Rg3 Kh8 21.
Qf3 Bd8 22. Be3 Qe7 23. Re1 cxd5 24. exd5 Bb6 25. Re2 Bxe3+ 26. Rxe3 Qxe3+ 27.
Qxe3 Rxe3 28. Rxe3 Re8 29. Rxe8+ Nxe8 30. Ne4 g5 31. Kf2 Kg7 32. Ke3 f5 33. Nd2
Kf6 34. Kd4 h5 35. Nc4 g4 36. a4 Kg5 37. b4 f4 38. Nd2 h4 39. c4 h3 40. g3 fxg3
41. Ne4+ Kf4 42. Nxg3 Kf3 43. c5 Kg2 44. Ke4 Kxh2 45. Kf4 Nf6 46. Ne4 Nxe4 47.
Kxe4 g3 48. cxd6 g2 49. d7 g1=Q 50. d8=Q Qg2+ 51. Ke5 Qg3+ 52. Ke6 Qg4+ 53. Kf7
Qh5+ 54. Kg7 Qg4+ 55. Kf7 Qh5+ 1/2-1/2

[Event "C.to Italiano U12"]
[Site "Cortina d'Ampezzo ITA"]
[Date "2002.07.03"]
[Round "2"]
[White "Sellitti, Federico"]
[Black "Della Chiara, Eugenio"]
[Result "1-0"]
[WhiteElo "1624"]
[BlackElo "1374"]
[PlyCount "71"]
[EventDate "2002.07.02"]

1. e4 c5 2. Nf3 e6 3. d4 d5 4. exd5 exd5 5. Nc3 Nf6 6. Be3 Be7 7. dxc5 O-O 8.
Be2 h6 9. O-O Be6 10. Nd4 Bxc5 11. Nxe6 fxe6 12. Bxc5 Re8 13. Bb5 Nc6 14. Re1
a6 15. Bxc6 bxc6 16. Qf3 Qa5 17. Bd4 Qd8 18. Bxf6 Qxf6 19. Qxf6 gxf6 20. Re2
Rab8 21. b3 e5 22. Rae1 Kf7 23. f4 exf4 24. Rxe8 Rxe8 25. Rxe8 Kxe8 26. Kf2 Ke7
27. Kf3 Ke6 28. Kxf4 f5 29. Na4 d4 30. Nc5+ Kd5 31. Nxa6 d3 32. cxd3 Kd4 33.
Kxf5 Kxd3 34. Nb4+ Kc3 35. Nxc6 Kb2 36. a4 1-0

[Event "C.to Italiano U12"]
[Site "Cortina d'Ampezzo ITA"]
[Date "2002.07.04"]
[Round "4"]
[White "Bonagura, Stefano"]
[Black "D'Apa, Matteo"]
[Result "0-1"]
[WhiteElo "1521"]
[BlackElo "1609"]
[PlyCount "56"]
[EventDate "2002.07.02"]

1. Nf3 d5 2. g3 Nc6 3. Bg2 e5 4. d3 Nf6 5. O-O Bc5 6. Nbd2 O-O 7. c4 Be6 8. b3
h6 9. Bb2 d4 10. a3 a5 11. Qc2 Qd7 12. Rfd1 Rfe8 13. Ne1 Rad8 14. Bc1 Nh7 15.
Ne4 Be7 16. f4 f5 17. Nf2 Nf6 18. fxe5 Nxe5 19. h3 c5 20. Nf3 Bd6 21. Kh2 Nh5
22. Nh1 Qc7 23. Rf1 Ng6 24. Bd2 Bxg3+ 25. Kg1 Bd7 26. Qc1 Rxe2 27. Bxh6 Rxg2+
28. Kxg2 Ngf4+ 0-1

[Event "C.to Italiano U12"]
[Site "Cortina d'Ampezzo ITA"]
[Date "2002.07.04"]
[Round "4"]
[White "Kofler, Hannes"]
[Black "Rubini, Alessandro"]
[Result "1/2-1/2"]
[WhiteElo "1500"]
[BlackElo "1582"]
[PlyCount "69"]
[EventDate "2002.07.02"]

1. d4 Nf6 2. c4 g6 3. Nc3 Bg7 4. e4 d6 5. f3 O-O 6. Bd3 Nc6 7. d5 Nd4 8. Be3 c5
9. Nge2 Ne8 10. Rb1 f5 11. Bxd4 cxd4 12. Nb5 Qb6 13. O-O a6 14. Na3 Qd8 15. Nc2
e5 16. dxe6 Qf6 17. Ncxd4 f4 18. Kh1 Nc7 19. b3 Nxe6 20. Nxe6 Bxe6 21. Qe1 Kh8
22. Qf2 Qd8 23. Rfd1 Be5 24. Bc2 Rg8 25. Ng1 g5 26. c5 Qc7 27. cxd6 Bxd6 28.
Rbc1 g4 29. fxg4 Rxg4 30. e5 Ba3 31. Rb1 Qxe5 32. Qd4 Qxd4 33. Rxd4 Bc5 34. Rd2
Rag8 35. Be4 1/2-1/2

[Event "C.to Italiano U12"]
[Site "Cortina d'Ampezzo ITA"]
[Date "2002.07.04"]
[Round "4"]
[White "Sellitti, Federico"]
[Black "Merli, Filiberto"]
[Result "1-0"]
[WhiteElo "1624"]
[BlackElo "1528"]
[PlyCount "49"]
[EventDate "2002.07.02"]

1. e4 e6 2. d4 d5 3. Nd2 Bd7 4. Bd3 Nc6 5. c3 dxe4 6. Nxe4 Nf6 7. Nf3 Be7 8.
O-O O-O 9. Qc2 h6 10. h3 Re8 11. Be3 Nxe4 12. Bxe4 Bf6 13. Bf4 Qc8 14. Rfe1 Ne7
15. Ne5 Nd5 16. Bh2 c6 17. b3 Be7 18. Rad1 Nf6 19. Re3 c5 20. Nxd7 Nxd7 21. Rf3
Nf6 22. Be5 Nd7 23. Bh7+ Kf8 24. Rxf7+ Kxf7 25. Qg6+ 1-0

[Event "C.to Italiano U12"]
[Site "Cortina d'Ampezzo ITA"]
[Date "2002.07.05"]
[Round "5"]
[White "D'Apa, Matteo"]
[Black "Sellitti, Federico"]
[Result "0-1"]
[WhiteElo "1609"]
[BlackElo "1624"]
[PlyCount "76"]
[EventDate "2002.07.02"]

1. d4 Nf6 2. c4 e6 3. Nf3 b6 4. Bg5 Bb7 5. e3 Be7 6. Bd3 d6 7. O-O Nbd7 8. Nc3
h6 9. Bh4 c5 10. Re1 Qc7 11. Qe2 g5 12. Bg3 Nh5 13. e4 Nxg3 14. hxg3 a6 15. e5
g4 16. Nd2 cxd4 17. exd6 Bxd6 18. Nce4 h5 19. Nxd6+ Qxd6 20. Ne4 Qc6 21. f3
gxf3 22. gxf3 Rg8 23. Kh2 Qc7 24. Qf2 h4 25. Rg1 Rh8 26. Kg2 Bxe4 27. Bxe4 hxg3
28. Qxg3 Qxg3+ 29. Kxg3 O-O-O 30. b4 Rdg8+ 31. Kf2 Rh2+ 32. Kf1 Rxg1+ 33. Kxg1
Rb2 34. a3 f5 35. Bxf5 exf5 36. Rd1 Ne5 37. f4 Nf3+ 38. Kh1 Rh2# 0-1

[Event "C.to Italiano U12"]
[Site "Cortina d'Ampezzo ITA"]
[Date "2002.07.05"]
[Round "5"]
[White "Lapenna, Antonio"]
[Black "Buzzoni, Eugenio"]
[Result "1-0"]
[WhiteElo "1648"]
[BlackElo "1597"]
[PlyCount "49"]
[EventDate "2002.07.02"]

1. e4 c5 2. d4 cxd4 3. c3 dxc3 4. Nxc3 e5 5. Bc4 Nf6 6. Nf3 Nc6 7. Ng5 d5 8.
Nxd5 Be6 9. O-O h6 10. Nxe6 fxe6 11. Nxf6+ Qxf6 12. Qb3 Qe7 13. Be3 Na5 14.
Qa4+ Nc6 15. Bb5 Qc7 16. Rac1 Rc8 17. Rc2 a6 18. Bxc6+ bxc6 19. Rfc1 Kd7 20.
Qxa6 Bd6 21. Rd1 Rhd8 22. Bb6 Qb8 23. Bxd8 Kxd8 24. Rcd2 Ke7 25. Rxd6 1-0

[Event "C.to Italiano U12"]
[Site "Cortina d'Ampezzo ITA"]
[Date "2002.07.06"]
[Round "7"]
[White "Angelini, Marco"]
[Black "Sellitti, Federico"]
[Result "0-1"]
[WhiteElo "1485"]
[BlackElo "1624"]
[PlyCount "62"]
[EventDate "2002.07.02"]

1. e4 e5 2. Nf3 Nc6 3. Bc4 Bc5 4. O-O Nf6 5. Nc3 d6 6. d3 h6 7. h3 O-O 8. Be3
Bb6 9. Qe2 Be6 10. Bb3 Qd7 11. Rad1 Rfe8 12. Bxb6 axb6 13. d4 exd4 14. Nxd4
Nxd4 15. Rxd4 Bxb3 16. axb3 d5 17. Nxd5 Nxd5 18. Rxd5 Qxd5 19. Re1 Qc6 20. f4
Rad8 21. e5 Rd7 22. Kh1 Rde7 23. c4 f6 24. Qh5 fxe5 25. fxe5 Qc5 26. Qh4 Rxe5
27. Rd1 Qe7 28. Qf4 Re1+ 29. Rxe1 Qxe1+ 30. Kh2 Qe5 31. Qxe5 Rxe5 0-1

[Event "C.to Italiano U12"]
[Site "Cortina d'Ampezzo ITA"]
[Date "2002.07.06"]
[Round "7"]
[White "D'Apa, Matteo"]
[Black "Buzzoni, Eugenio"]
[Result "1-0"]
[WhiteElo "1609"]
[BlackElo "1597"]
[PlyCount "97"]
[EventDate "2002.07.02"]

1. d4 Nf6 2. c4 g6 3. Nc3 Bg7 4. e4 d6 5. f3 Nbd7 6. Be3 b6 7. Qd2 Bb7 8. Bd3
e6 9. Nge2 Qe7 10. O-O-O O-O-O 11. Rhe1 Kb8 12. Kb1 h6 13. f4 c5 14. d5 Rhe8
15. Ng3 e5 16. Qc2 exf4 17. Bxf4 Ne5 18. Qa4 g5 19. Nf5 Qf8 20. Nxg7 Qxg7 21.
Bxe5 Rxe5 22. b4 Re7 23. bxc5 bxc5 24. Qa5 Rdd7 25. Rd2 Bc8 26. Rb2+ Bb7 27.
Rb3 Ng4 28. Re2 Qd4 29. Rd2 Nxh2 30. Kc2 a6 31. Qxa6 Kc8 32. Rxb7 Rxb7 33. Qa8+
Rb8 34. Qc6+ Rc7 35. Qxd6 Ng4 36. Re2 Ne3+ 37. Rxe3 Qxe3 38. Nb5 Rxb5 39. cxb5
Qf2+ 40. Kd1 Qg1+ 41. Kd2 Qxg2+ 42. Be2 c4 43. b6 c3+ 44. Kd3 Qh3+ 45. Kd4 Rd7
46. Qc6+ Kb8 47. Ba6 Re7 48. Qd6+ Ka8 49. Qd8+ 1-0

[Event "C.to Italiano U12"]
[Site "Cortina d'Ampezzo ITA"]
[Date "2002.07.06"]
[Round "7"]
[White "Lapenna, Antonio"]
[Black "Bonagura, Stefano"]
[Result "1/2-1/2"]
[WhiteElo "1648"]
[BlackElo "1521"]
[PlyCount "71"]
[EventDate "2002.07.02"]

1. e4 e5 2. Nf3 d6 3. d4 exd4 4. Nxd4 Nf6 5. Nc3 h6 6. h3 Be7 7. Be2 O-O 8. O-O
Nbd7 9. f4 Re8 10. Bd3 Bf8 11. Kh1 c5 12. Nde2 c4 13. Bxc4 Nc5 14. e5 Nh5 15.
Be3 Qc7 16. Nb5 Qc6 17. Qd5 Qxd5 18. Bxd5 Rd8 19. g4 dxe5 20. gxh5 Bxh3 21. Rf2
Rxd5 22. Nc7 Ne4 23. Nxd5 Nxf2+ 24. Bxf2 Bg4 25. Nec3 Rd8 26. Kg1 exf4 27. Nxf4
Rd2 28. Rc1 Bd6 29. Ne4 Rxf2 30. Kxf2 Bxf4 31. Re1 Bxh5 32. Nc5 b6 33. Nd7 f6
34. Re7 Bg5 35. Nb8 Bg6 36. Re2 1/2-1/2

[Event "C.to Italiano U12"]
[Site "Cortina d'Ampezzo ITA"]
[Date "2002.07.07"]
[Round "8"]
[White "Bonafede, Alessandro"]
[Black "Sellitti, Federico"]
[Result "1-0"]
[WhiteElo "1746"]
[BlackElo "1624"]
[PlyCount "59"]
[EventDate "2002.07.02"]

1. e4 e5 2. Nf3 Nc6 3. d4 exd4 4. Bc4 Bc5 5. O-O Nge7 6. c3 dxc3 7. Nxc3 O-O 8.
Bg5 d6 9. Nd5 Be6 10. Nf6+ Kh8 11. Rc1 Qc8 12. Nh4 Ng8 13. Nd5 Ne5 14. Bb3 c6
15. Ne3 Bxe3 16. Bxe3 Bxb3 17. Qxb3 Qd7 18. Rfd1 Qc7 19. Nf5 Rfd8 20. Qb4 c5
21. Qc3 Nf6 22. Bg5 Nxe4 23. Bxd8 Rxd8 24. Qe3 d5 25. f3 Nc4 26. Rxc4 dxc4 27.
Rxd8+ Qxd8 28. Qxe4 b5 29. Nd6 a6 30. Nxf7+ 1-0

[Event "C.to Italiano U12"]
[Site "Cortina d'Ampezzo ITA"]
[Date "2002.07.07"]
[Round "8"]
[White "Bonagura, Stefano"]
[Black "Rubini, Alessandro"]
[Result "1-0"]
[WhiteElo "1521"]
[BlackElo "1582"]
[PlyCount "99"]
[EventDate "2002.07.02"]

1. Nf3 d5 2. d4 Nf6 3. g3 e6 4. Bg2 Nc6 5. O-O Be7 6. Bf4 O-O 7. a3 Bd6 8. e3
Re8 9. Nc3 Bxf4 10. exf4 b6 11. Ne5 Nxe5 12. fxe5 Nd7 13. Ne2 f6 14. f4 f5 15.
c4 c6 16. b3 Bb7 17. Rc1 Rc8 18. cxd5 exd5 19. Nc3 Nf8 20. g4 fxg4 21. Qxg4 Re6
22. f5 Rh6 23. Rf4 Rc7 24. h4 Bc8 25. Re1 Kh8 26. e6 Qe7 27. Bxd5 Nd7 28. Bc4
Nf6 29. Qh3 Bb7 30. b4 Qd6 31. Re5 Re7 32. Qh2 a5 33. bxa5 Qxa3 34. a6 Qxc3 35.
axb7 Rxb7 36. e7 Ne8 37. Bf7 Rb8 38. Rfe4 Ra8 39. Bxe8 Rxe8 40. d5 Kg8 41. dxc6
Rxc6 42. Qa2+ Kh8 43. Qf7 Qg3+ 44. Kf1 Qf3+ 45. Ke1 Rc1+ 46. Kd2 Qd1+ 47. Ke3
Qe1+ 48. Kf4 Qf2+ 49. Kg5 Qg3+ 50. Rg4 1-0

[Event "C.to Italiano U12"]
[Site "Cortina d'Ampezzo ITA"]
[Date "2002.07.07"]
[Round "8"]
[White "D'Apa, Matteo"]
[Black "Lapenna, Antonio"]
[Result "0-1"]
[WhiteElo "1609"]
[BlackElo "1648"]
[PlyCount "58"]
[EventDate "2002.07.02"]

1. d4 Nf6 2. c4 g6 3. Nc3 Bg7 4. e4 d6 5. f3 O-O 6. Be3 a6 7. Qd2 Re8 8. Bd3
Nbd7 9. Nge2 c5 10. d5 Rb8 11. O-O Ne5 12. b3 Bd7 13. a3 b5 14. cxb5 axb5 15.
Rab1 Qc7 16. Rfc1 Rec8 17. h3 c4 18. bxc4 bxc4 19. Bc2 Be8 20. f4 Ned7 21. Nb5
Rxb5 22. Rxb5 Nc5 23. Rxc5 dxc5 24. Nc3 Qa5 25. a4 Ng4 26. Nb5 c3 27. Qe2 Nxe3
28. Qxe3 Bxb5 29. axb5 Bd4 0-1

[Event "C.to Italiano U12 femminile"]
[Site "Cortina d'Ampezzo ITA"]
[Date "2002.07.02"]
[Round "1"]
[White "Gabassi, Cristina"]
[Black "Greco, Sara"]
[Result "0-1"]
[WhiteElo "1527"]
[BlackElo "1600"]
[PlyCount "60"]
[EventDate "2002.07.02"]

1. e4 e5 2. Nf3 Nc6 3. Bc4 Nf6 4. d3 d6 5. Nc3 Bg4 6. h3 Bh5 7. O-O Nd4 8. b3
Nxf3+ 9. gxf3 Be7 10. Bb2 O-O 11. Nd5 Nxd5 12. Bxd5 Qd7 13. Kh2 c6 14. Bc4 b5
15. Rg1 bxc4 16. bxc4 Qe6 17. Rg3 Bh4 18. Rg2 Qf6 19. Qd2 Bxf3 20. Rgg1 h6 21.
d4 Bg5 22. Qe1 Bf4+ 23. Rg3 Bxg3+ 24. fxg3 exd4 25. c3 Rab8 26. Rb1 dxc3 27.
Bxc3 Rxb1 28. Qxb1 Qxc3 29. h4 Qd2+ 30. Kh3 Qg2# 0-1

[Event "C.to Italiano U12 femminile"]
[Site "Cortina d'Ampezzo ITA"]
[Date "2002.07.03"]
[Round "2"]
[White "Chierici, Marianna"]
[Black "Scharrer, Isabel"]
[Result "1/2-1/2"]
[WhiteElo "1438"]
[BlackElo "1462"]
[PlyCount "133"]
[EventDate "2002.07.02"]

1. e4 c5 2. Nf3 d6 3. Bc4 e6 4. d3 Nf6 5. c3 g6 6. Be3 Bg7 7. h3 O-O 8. Nbd2
Nc6 9. Bb3 Bd7 10. Qe2 Rc8 11. O-O a6 12. Bf4 e5 13. Bg5 b5 14. Bc2 Qc7 15. b3
Ne8 16. Qe3 f5 17. exf5 Bxf5 18. Bh6 Na5 19. c4 bxc4 20. bxc4 Rb8 21. Rab1 Nc6
22. Ne4 Nd4 23. Nxd4 cxd4 24. Qd2 Bxe4 25. dxe4 Nf6 26. Bxg7 Kxg7 27. Bd3 Qc6
28. f3 Nh5 29. Rfc1 Nf4 30. Bf1 Qc5 31. Kh2 Ne6 32. Be2 Qa3 33. Bd1 Nf4 34. Rb3
Rxb3 35. axb3 Nd3 36. Rb1 Nf4 37. g3 Ne6 38. Kg2 Qc5 39. Ra1 Nc7 40. Qa5 Qxa5
41. Rxa5 Rb8 42. Kf2 Kf6 43. f4 exf4 44. gxf4 Re8 45. Bc2 h6 46. h4 Re7 47. Ke2
Ke6 48. Kd3 Rf7 49. f5+ gxf5 50. exf5+ Rxf5 51. Rxf5 Kxf5 52. Kxd4+ Kg4 53. Ke4
Kxh4 54. Kf5 h5 55. Kg6 Ne6 56. Kf6 Nd4 57. Bd1 a5 58. Ke7 Kg5 59. Kxd6 h4 60.
c5 h3 61. Bf3 Nxf3 62. c6 h2 63. c7 h1=Q 64. c8=Q Qd1+ 65. Ke7 Qxb3 66. Qc5+
Kg4 67. Qxa5 1/2-1/2

[Event "C.to Italiano U12 femminile"]
[Site "Cortina d'Ampezzo ITA"]
[Date "2002.07.03"]
[Round "2"]
[White "Greco, Sara"]
[Black "Tonel, Giulia"]
[Result "1/2-1/2"]
[WhiteElo "1600"]
[BlackElo "1500"]
[PlyCount "38"]
[EventDate "2002.07.02"]

1. e4 e5 2. Nf3 Nc6 3. Nc3 Bc5 4. Bc4 d6 5. h3 Nf6 6. d3 O-O 7. Bg5 h6 8. Bh4
Be6 9. Bb3 Na5 10. O-O Nxb3 11. axb3 c6 12. d4 exd4 13. Nxd4 Bd7 14. Re1 Qe7
15. Nf5 Qe5 16. Qf3 Bb4 17. Bxf6 Qxf6 18. Qg4 Kh7 19. e5 dxe5 1/2-1/2

[Event "C.to Italiano U12 femminile"]
[Site "Cortina d'Ampezzo ITA"]
[Date "2002.07.04"]
[Round "4"]
[White "Di Cerbo, Giulia"]
[Black "Reginato, Sabrina"]
[Result "1/2-1/2"]
[WhiteElo "1500"]
[BlackElo "1500"]
[PlyCount "121"]
[EventDate "2002.07.02"]

1. d4 g6 2. Bf4 c6 3. Nf3 d6 4. e4 Bg7 5. Nc3 Bg4 6. h3 Bxf3 7. gxf3 Nd7 8. Be2
e5 9. dxe5 dxe5 10. Be3 Ngf6 11. Qd2 Qc7 12. f4 O-O-O 13. O-O-O Nb6 14. Qe1
exf4 15. Bxb6 Rxd1+ 16. Bxd1 Qxb6 17. e5 Nd7 18. e6 fxe6 19. Qxe6 c5 20. Qf7
Bxc3 21. bxc3 Qf6 22. Qc4 Qc6 23. Re1 Qd6 24. Re6 Qc7 25. Bg4 h5 26. Bf3 Ne5
27. Qe2 Nxf3 28. Qxf3 Rd8 29. Rxg6 Qf7 30. Qxh5 Qxa2 31. Qg4+ Kb8 32. Qxf4+ Ka8
33. Rd6 Qa1+ 34. Kd2 Qa5 35. Qf6 Rxd6+ 36. Qxd6 a6 37. f4 Qa4 38. Qf8+ Ka7 39.
Qxc5+ Ka8 40. f5 Qd7+ 41. Qd4 Qxf5 42. h4 Qh5 43. Qd8+ Ka7 44. Qg5 Qe8 45. Qe3+
Qxe3+ 46. Kxe3 a5 47. Kd2 Kb6 48. h5 a4 49. h6 a3 50. h7 a2 51. h8=Q a1=Q 52.
Qd4+ Kc7 53. Qc5+ Kb8 54. Qe5+ Ka7 55. Qe1 Qa5 56. Qe3+ Kb8 57. Qf4+ Ka7 58.
Qd4+ Kb8 59. Kd3 Qb5+ 60. c4 Qf5+ 61. Kc3 1/2-1/2

[Event "C.to Italiano U12 femminile"]
[Site "Cortina d'Ampezzo ITA"]
[Date "2002.07.04"]
[Round "4"]
[White "Greco, Sara"]
[Black "Brunello, Roberta"]
[Result "0-1"]
[WhiteElo "1600"]
[BlackElo "1500"]
[PlyCount "46"]
[EventDate "2002.07.02"]

1. e4 e5 2. Nf3 Nc6 3. Nc3 Nf6 4. d3 Be7 5. Be2 O-O 6. O-O d6 7. Bg5 Be6 8. d4
exd4 9. Nxd4 Nxd4 10. Qxd4 Re8 11. Qe3 Qd7 12. Rad1 Qc6 13. Bb5 Qb6 14. Qxb6
axb6 15. Bxe8 Rxe8 16. Nb5 Bd7 17. Nxc7 Rc8 18. Nd5 Nxd5 19. Rxd5 Be6 20. Rb5
Bc4 21. Bxe7 Bxb5 22. Rd1 Rxc2 23. Rxd6 Rc1+ 0-1

[Event "C.to Italiano U12 femminile"]
[Site "Cortina d'Ampezzo ITA"]
[Date "2002.07.04"]
[Round "4"]
[White "Tonel, Giulia"]
[Black "Chierici, Marianna"]
[Result "0-1"]
[WhiteElo "1500"]
[BlackElo "1438"]
[PlyCount "72"]
[EventDate "2002.07.02"]

1. e4 e5 2. Nf3 d6 3. Nc3 Bg4 4. Be2 Nf6 5. O-O Nbd7 6. d3 c6 7. h3 Be6 8. Re1
Nb6 9. Bd2 Be7 10. Bf1 O-O 11. Ne2 Qc7 12. Ng3 d5 13. Nh4 d4 14. Nhf5 Kh8 15.
a3 Bd8 16. Rc1 Nc8 17. Qf3 Ne7 18. c3 dxc3 19. bxc3 Qa5 20. Ra1 Qc7 21. Be3 Qd7
22. Red1 Qc7 23. d4 exd4 24. cxd4 Qc8 25. e5 Nfd5 26. Nxe7 Bxe7 27. Nh5 Nxe3
28. Qxe3 Rg8 29. Ng3 Qc7 30. Bd3 Rgd8 31. Rdc1 Qb6 32. Ne2 Rac8 33. Qe4 g6 34.
Bc4 Bf5 35. Qf4 Rf8 36. Rab1 Bxb1 0-1

[Event "C.to Italiano U12 femminile"]
[Site "Cortina d'Ampezzo ITA"]
[Date "2002.07.05"]
[Round "5"]
[White "Brunello, Roberta"]
[Black "Moretti, Stefania"]
[Result "1-0"]
[WhiteElo "1500"]
[BlackElo "1500"]
[PlyCount "97"]
[EventDate "2002.07.02"]

1. e4 e5 2. Nf3 Nc6 3. d4 Nf6 4. Nc3 d6 5. dxe5 dxe5 6. Qxd8+ Kxd8 7. Bc4 Ke8
8. Bg5 Be7 9. Bxf6 Bxf6 10. Nd5 Bd8 11. Nd2 Nd4 12. O-O-O c6 13. Ne3 Bb6 14.
Rhe1 Kf8 15. Nb3 g6 16. Rd3 Kg7 17. Nxd4 Bxd4 18. f4 Bxe3+ 19. Rdxe3 exf4 20.
Rf3 g5 21. h4 h6 22. g3 Bg4 23. Rff1 Raf8 24. hxg5 hxg5 25. gxf4 Rh5 26. Rg1
Rh4 27. fxg5 Bf3 28. Rgf1 Bxe4 29. Bb3 Rg4 30. Rf2 f6 31. Rfe2 Bf3 32. Re7+ Kg6
33. gxf6 Rxf6 34. Rxb7 Rd6 35. c3 a6 36. Ra7 c5 37. Re6+ Rxe6 38. Bxe6 Rg1+ 39.
Kc2 Be4+ 40. Kb3 Bd3 41. Bc4 Bxc4+ 42. Kxc4 Rg5 43. Rxa6+ Kh5 44. Rc6 Rg4+ 45.
Kxc5 Rg2 46. Rb6 Kg4 47. a4 Re2 48. b4 Re5+ 49. Kd4 1-0